000
00281nam a22001217a 4500
020
_a
0-07-881781-1
082
_a
005.74 JAM'S
100
_a
JAMAS, KRIS
_9
67799
245
_a
SIMPLY WORDPERFECT FOR WINDOWS
260
_a
OSBORNE
_b
MCGRAW HILL
_c
1992
300
_a
193P
942
_c
BK
999
_c
575505
_d
575505